La estructura de la obra literaria: una investigación de filosofía del lenguaje y estética
Sparad:
| Huvudupphovsman: | |
|---|---|
| Materialtyp: | Bok |
| Språk: | spanska |
| Publicerad: |
Barcelona
Seix Barral
1972
|
| Serie: | Biblioteca Breve de Bolsillo, 6
|
| Ämnen: | |
| Taggar: |
Lägg till en tagg
Inga taggar, Lägg till första taggen!
|
MARC
| LEADER | 00000nam a2200000 a 4500 | ||
|---|---|---|---|
| 001 | UCX2641 | ||
| 003 | CL-VaPUC | ||
| 008 | 910715e19720000SP |||||||||||||||||spa|d | ||
| 082 | 0 | 4 | |a 801 |b MAR |2 21 |
| 100 | |a Martínez Bonati, Félix |e autor |9 492784 | ||
| 245 | 1 | 3 | |a La estructura de la obra literaria: una investigación de filosofía del lenguaje y estética |
| 300 | |a 244 p | ||
| 942 | |c BK | ||
| 945 | |d 19910715 00:00:00 | ||
| 260 | |a Barcelona |b Seix Barral |c 1972 | ||
| 650 | 0 | |a Filosofía de la literatura |9 267374 | |
| 583 | |a last modification |c 19910715 00:00:00 |k Rodrigo Vera | ||
| 490 | 0 | |a Biblioteca Breve de Bolsillo, 6 | |
| 999 | |c 223620 |d 223618 | ||
| 952 | |0 0 |1 0 |4 0 |6 801_000000000000000_MAR_1972 |7 0 |8 A |9 219614 |a BIBEDU |b BIBEDU |d 2019-11-15 |i 2886405 |o 801 MAR 1972 |p 2886405 |r 2022-05-02 |w 2019-11-15 |y BK |k LIT | ||
| 952 | |0 0 |1 0 |4 0 |6 801_000000000000000_MAR_1972 |7 0 |8 A |9 219615 |a BIBEDU |b BIBEDU |d 2019-11-15 |i 2886413 |o 801 MAR 1972 |p 2886413 |r 2022-05-02 |w 2019-11-15 |y BK |k LIT | ||
| 952 | |0 0 |1 0 |4 0 |6 801_000000000000000_MAR_1972 |7 0 |8 A |9 219616 |a BIBEDU |b BIBEDU |d 2019-11-15 |i 2886421 |o 801 MAR 1972 |p 2886421 |r 2022-05-02 |w 2019-11-15 |y BK |k LIT | ||
| 952 | |0 0 |1 0 |4 0 |6 801_000000000000000_MAR_1972 |7 0 |8 A |9 219617 |a BIBEDU |b BIBEDU |d 2019-11-15 |i 288643K |l 1 |o 801 MAR 1972 |p 288643K |r 2022-05-02 |s 2022-05-02 |w 2019-11-15 |y BK |k LIT | ||